LEADER 00982nam a2200301 i 4500 001 991000938939707536 005 20020507104127.0 008 951218s1970 uk ||| | eng 035 $ab10150924-39ule_inst 035 $aLE00639445$9ExL 040 $aDip.to Fisica$bita 084 $a53.7 084 $a53.8 084 $a548 084 $aQD931 100 1 $aBreton, André$0384498 245 10$aExperimental crystal physics /$cA. Breton, W. Wooster 250 $a2nd ed. 260 $aLondon ; Oxford :$bOxford University Press,$c1970 300 $aix, 150 p., 12 plates :$bill. ;$c23 cm. 650 4$aCrystallography 700 1 $aWooster, W. 907 $a.b10150924$b02-04-14$c27-06-02 912 $a991000938939707536 945 $aLE006 53.7+53.8 WOO$g1$i2006000059336$lle006$o-$pE0.00$q-$rl$s- $t0$u0$v0$w0$x0$y.i10180849$z27-06-02 996 $aExperimental crystal physics$9187773 997 $aUNISALENTO 998 $ale006$b01-01-95$cm$da $e-$feng$guk $h0$i1 LEADER 02072nam0 22004333i 450 001 URB0660423 005 20251003044434.0 010 $a9788834875339 100 $a20220222d2008 ||||0itac50 ba 101 | $aita 102 $ait 181 1$6z01$ai $bxxxe 182 1$6z01$an 183 1$6z01$anc$2RDAcarrier 200 1 $aDiritto contrattuale europeo tra direttive comunitarie e trasposizioni nazionali$emateriali per lo studio della terminologia giuridica$fa cura di Barbara Pasa, Piercarlo Rossi, Martin Weitenberg 210 $aTorino$cG. Giappichelli$d©2007$hstampa 2008 215 $aXXI, 397 p.$d24 cm.$e1 CD-ROM 225 | $aDiritto europeo: multilinguismo e comparazione giuridica$v1 300 $aIl CD-Rom contiene: Direttive, leggi di trasposizione e altri strumenti legislativi. 410 0$1001URB0660427$12001 $aDiritto europeo: multilinguismo e comparazione giuridica$v1 606 $aContratti$xDiritto comunitario$2FIR$3CFIC069468$9E 676 $a341.753$9DIRITTO INTERNAZIONALE DELL'ECONOMIA. ORGANIZZAZIONE E GESTIONE DEGLI AFFARI$v21 676 $a346.402$9DIRITTO PRIVATO. EUROPA. Contratti$v21 696 $aDiritto dell'UE$aDiritto delle Comunità europee$aDiritto dell'Unione europea$aDiritto europeo 699 $aDiritto comunitario$yDiritto dell'UE 699 $aDiritto comunitario$yDiritto delle Comunità europee 699 $aDiritto comunitario$yDiritto dell'Unione europea 699 $aDiritto comunitario$yDiritto europeo 702 1$aPasa$b, Barbara$3TO0V342678 702 1$aRossi$b, Piercarlo$3TO0V558716 702 1$aWeitenberg$b, Martin$3URBV316347 801 3$aIT$bIT-000000$c20220222 850 $aIT-BN0095 901 $bNAP 01$cD $n$ 912 $aURB0660423 950 0$aBiblioteca Centralizzata di Ateneo$d 01D (C) 21 388$e 01C 0800213885 VMA 1 v.$fY $h20130118$i20130118 977 $a 01 996 $aDiritto contrattuale europeo tra direttive comunitarie e trasposizioni nazionali$91118094 997 $aUNISANNIO